Quell'anno a Madrid /

محفوظ في:
التفاصيل البيبلوغرافية
المؤلف الرئيسي: Chavarría, Daniel (مؤلف)
مؤلفون آخرون: Ossola, Sandro
التنسيق: كتاب
اللغة:الإيطالية
منشور في: Milano : M. Tropea, \1998!
سلاسل:Le gaggie
الوسوم: إضافة وسم
لا توجد وسوم, كن أول من يضع وسما على هذه التسجيلة!

MARC

LEADER 00000nam a2200000 i 4500
001 IT\ICCU\VIA\0069452
003 ItRI
005 20260115231912.0
008 980917s1998 it |||||| ||||| |||||c
015 |2 IT  |a 99-3420 
020 |a 8843801635 
040 |b ita  |c importazione bologna sebina 
041 7 |a ita  |2 ISO-639-2 
082 |a 863  |9 NARRATIVA SPAGNOLA  |2 20 
100 1 |a Chavarría, Daniel  |0 IT\ICCU\RAVV\075095  |4 aut 
240 1 0 |a Aquel año en Madrid.  |3 IT\ICCU\VIA\0069453  |9 Chavarría, Daniel 
245 1 0 |a Quell'anno a Madrid /  |c Daniel Chavarría ; traduzione di Sandro Ossola. 
260 |a Milano :  |b M. Tropea,  |c \1998! 
300 |a 215 p. ;  |c 22 cm. 
700 1 |a Ossola, Sandro  |0 IT\ICCU\CFIV\066066 
830 3 |a Le gaggie  |0 IT\ICCU\RAV\0266305 
942 |2 ddc  |c BK  |n 0 
952 |0 0  |1 0  |4 0  |6 DOC_863_440000000000000_CHA  |7 0  |9 15898  |a BO  |b BO  |d 2026-01-15  |i 11102  |l 0  |o DOC 863.44 CHA  |p BO11102  |r 2026-01-15 23:19:12  |w 2026-01-15  |x [Sebina 7] [1 v.]  |y BK  |z 1 v. 
999 |c 13664  |d 13664